Divisions on a ground

Guardado en:
Bibliografiske detaljer
Hovedforfatter: Frye, Northrop
Format: Bog
Sprog:Undetermined
Udgivet: Toronto, Canadá House of Anansi Press limited 1982
Fag:
Tags: Tilføj Tag
Ingen Tags, Vær først til at tagge denne postø!

MARC

LEADER 00000nam a2200000Ia 4500
008 170316s9999 xx 000 0 und d
040 |a cru BVZT 
090 |a 818 F-8d 
100 |a Frye, Northrop 
245 |a Divisions on a ground 
260 |a Toronto, Canadá 
260 |b House of Anansi Press limited 
260 |c 1982 
300 |a 199 páginas 
650 |a LITERATURA CANADIENSE 
999 |c 6429  |d 6429 
942 |c 15 D  |h 818 F-8d  |2 z